00353nam a2200133Ia 4500008004100000020001800041041000800059082001800067100002100085245005600106260003400162300000900196650001400205260223s2024 xx 000 0 und d a9789393885708 aeng a610.73.01/RAN aRani . Elizabeth aEducation Teachnoloty Nursing Education for (B.S.C) aB.S.B. PunebEMMESS,Pubc2024 a400P aEducation